Ham bhi kisi ka khawab they (Record no. 5247)
[ view plain ]
| 000 -LEADER | |
|---|---|
| fixed length control field | 00411 a2200157 4500 |
| 020 ## - INTERNATIONAL STANDARD BOOK NUMBER | |
| International Standard Book Number | 9694960231 |
| 040 ## - CATALOGING SOURCE | |
| Original cataloging agency | DLC |
| Language of cataloging | DLC |
| 082 ## - DEWEY DECIMAL CLASSIFICATION NUMBER | |
| Classification number | 891.4391 |
| 100 ## - MAIN ENTRY--PERSONAL NAME | |
| Personal name | Itibar Sajid |
| 245 ## - TITLE STATEMENT | |
| Title | Ham bhi kisi ka khawab they |
| Statement of responsibility, etc. | Itibar Sajid |
| 260 ## - PUBLICATION, DISTRIBUTION, ETC. | |
| Place of publication, distribution, etc. | Islamabad: |
| Name of publisher, distributor, etc. | Dost Publications, |
| Date of publication, distribution, etc. | 1998. |
| 300 ## - PHYSICAL DESCRIPTION | |
| Extent | 130 p. ; |
| Dimensions | 22 cm. |
| 500 ## - GENERAL NOTE | |
| General note | Includes Index |
| 650 ## - SUBJECT ADDED ENTRY--TOPICAL TERM | |
| Topical term or geographic name entry element | 1.Urdu Adab.2.Shairi. |
| 942 ## - ADDED ENTRY ELEMENTS (KOHA) | |
| Koha item type | Book |
| Call number prefix | 891.4391 ITI |
| Source of classification or shelving scheme | |
| Withdrawn status | Lost status | Damaged status | Not for loan | Collection code | Permanent Location | Current Location | Shelving location | Date acquired | Source of acquisition | Cost, normal purchase price | Total Checkouts | Full call number | Barcode | Date last seen | Date last checked out | Price effective from | Koha item type |
|---|---|---|---|---|---|---|---|---|---|---|---|---|---|---|---|---|---|
| Central Library (CL) | Central Library (CL) | General Stacks | 04/16/2007 | Saeed Book Bank | 93.50 | 1 | 891.4391 ITI | SEECS008421 | 01/26/2026 | 11/30/2018 | 01/05/2017 | Book |
